[Event "Challenger's Cup"]
[Site "?"]
[Date "????.??.??"]
[Round "4"]
[White "Mahajan, Rushaan"]
[Black "Zhang, Brendan"]
[Result "0-1"]
[WhiteElo "1978"]
[BlackElo "2107"]
[PlyCount "110"]
[SourceDate "2017.11.05"]
[SourceVersionDate "2017.11.05"]

1. d4 d5 2. Bf4 e6 3. e3 Nf6 4. Nf3 c5 5. c3 Nc6 6. Nbd2 cxd4 7. exd4 Nh5 8.
Bg5 f6 9. Bh4 Bd6 10. Ne5 g6 11. Nxc6 bxc6 12. Bg3 Nf4 13. Bxf4 Bxf4 14. g3 Bd6
15. f4 O-O 16. Bg2 e5 17. fxe5 fxe5 18. dxe5 Bxe5 19. Nf3 Bg7 20. O-O Ba6 21.
Rf2 Qb6 22. Qd2 Rae8 23. Re1 Bh6 24. Qd1 Be3 25. Rxe3 Qxe3 26. Qd4 Qc1+ 27. Bf1
Bxf1 28. Rxf1 Qe3+ 29. Kg2 Qxd4 30. cxd4 Re2+ 31. Rf2 Rxf2+ 32. Kxf2 Rb8 33. b3
Rb6 34. Ne5 Ra6 35. Ke3 Rxa2 36. Nxc6 Kf7 37. h4 Ra3 38. Kf4 Ke6 39. b4 a6 40.
g4 Kd6 41. Nd8 Rb3 42. Nb7+ Ke6 43. Na5 Rh3 44. Kg5 Rh1 45. h5 gxh5 46. gxh5
Kf7 47. Nc6 Rc1 48. Ne5+ Ke6 49. Kh6 Rh1 50. Nc6 Kf5 51. Nb8 Ke4 52. Nc6 Kd3
53. Kxh7 Rxh5+ 54. Kg6 Rh1 55. Kf6 Rh6+ 0-1

[Event "Challenger's Cup"]
[Site "?"]
[Date "????.??.??"]
[Round "4"]
[White "Truelson, Joseph"]
[Black "Jiang, Brandon"]
[Result "1-0"]
[WhiteElo "2038"]
[BlackElo "1811"]
[PlyCount "67"]
[SourceDate "2017.11.05"]
[SourceVersionDate "2017.11.05"]

1. e4 e5 2. Nf3 Nc6 3. Bc4 Nf6 4. Ng5 d5 5. exd5 Na5 6. d3 Bd6 7. Nc3 Nxc4 8.
dxc4 O-O 9. O-O h6 10. Nge4 Nxe4 11. Nxe4 f5 12. Nxd6 cxd6 13. f4 e4 14. Be3 b6
15. a4 Qc7 16. Qd4 Bd7 17. b3 Rfc8 18. Rfc1 Rab8 19. a5 Rb7 20. axb6 axb6 21.
Ra3 b5 22. cxb5 Rxb5 23. c4 Rb4 24. Bd2 Rb7 25. b4 Qb8 26. c5 Be8 27. Ra6 dxc5
28. bxc5 Rb5 29. c6 Qd6 30. Ra5 Rxa5 31. Bxa5 Rxc6 32. Rxc6 Bxc6 33. Bc3 Kf8
34. Bb4 1-0

[Event "Challenger's Cup"]
[Site "?"]
[Date "????.??.??"]
[Round "4"]
[White "Chilakala, Sathvik"]
[Black "Subramanian, Nithya"]
[Result "1/2-1/2"]
[WhiteElo "1002"]
[BlackElo "1064"]
[PlyCount "32"]
[SourceDate "2017.11.05"]
[SourceVersionDate "2017.11.05"]

1. e4 e6 2. d4 d5 3. exd5 exd5 4. Nc3 c5 5. Be3 cxd4 6. Qxd4 Be6 7. Nf3 Nf6 8.
Bb5+ Nc6 9. Qa4 Bd7 10. Nd4 Nxd4 11. Bxd7+ Qxd7 12. Qxd7+ Kxd7 13. Bxd4 Bb4 14.
a3 Rae8+ 15. Kd1 Bxc3 16. Bxc3 Ng4 1/2-1/2

[Event "Challenger's Cup"]
[Site "?"]
[Date "????.??.??"]
[Round "4"]
[White "Holloran, William"]
[Black "Bashkansky, Naomi"]
[Result "0-1"]
[WhiteElo "1847"]
[BlackElo "2041"]
[PlyCount "66"]
[SourceDate "2017.11.05"]
[SourceVersionDate "2017.11.05"]

1. d4 d5 2. c4 dxc4 3. Nf3 Nf6 4. Nc3 a6 5. a4 Nc6 6. Bg5 Bg4 7. e3 Na5 8. h3
Bxf3 9. Qxf3 c6 10. Bxf6 exf6 11. Rd1 Qb6 12. Rd2 Be7 13. Qg3 O-O 14. Be2 Bb4
15. O-O Bxc3 16. bxc3 Qb3 17. e4 Qxa4 18. Bd1 Nb3 19. f4 Qa3 20. Rdf2 Nxd4 21.
Kh2 Ne6 22. Bc2 b6 23. f5 Nc5 24. e5 Nd7 25. e6 Ne5 26. Re2 Qd6 27. Kh1 Rae8
28. Rd1 Qb8 29. Rd4 fxe6 30. fxe6 Rxe6 31. Rh4 Ng6 32. Qxb8 Rxb8 33. Rxe6 Nxh4
0-1

[Event "Challenger's Cup"]
[Site "?"]
[Date "????.??.??"]
[Round "4"]
[White "Kitsis, Stan"]
[Black "Breckenridge, Steven"]
[Result "0-1"]
[WhiteElo "2151"]
[BlackElo "2399"]
[PlyCount "62"]
[SourceDate "2017.11.05"]
[SourceVersionDate "2017.11.05"]

1. d4 Nf6 2. Bf4 d6 3. Nc3 Nbd7 4. Nf3 c5 5. d5 b5 6. Nxb5 Qb6 7. Nc3 Qxb2 8.
Bd2 Ba6 9. e4 Bxf1 10. Kxf1 Qb6 11. g3 g6 12. Kg2 Bg7 13. Qe2 O-O 14. Rab1 Qd8
15. a4 Re8 16. Qd3 Qc8 17. Rhe1 a6 18. a5 c4 19. Qf1 e6 20. Nd4 Nxd5 21. exd5
Bxd4 22. Ne4 Qc7 23. Bb4 exd5 24. Nxd6 Rxe1 25. Qxe1 Be5 26. Ne8 Rxe8 27. f4
Qc6 28. fxe5 d4+ 29. Kg1 Nxe5 30. Qf2 Nf3+ 31. Kf1 c3 0-1

[Event "Challenger's Cup"]
[Site "?"]
[Date "????.??.??"]
[Round "4"]
[White "Arganian, David"]
[Black "Li, Melina"]
[Result "1-0"]
[WhiteElo "2008"]
[BlackElo "1526"]
[PlyCount "81"]
[SourceDate "2017.11.05"]
[SourceVersionDate "2017.11.05"]

1. e4 e6 2. d4 d5 3. Nc3 Bb4 4. Nge2 dxe4 5. a3 Bxc3+ 6. Nxc3 Nf6 7. Bg5 h6 8.
Bxf6 Qxf6 9. Nxe4 Qe7 10. Qd2 O-O 11. O-O-O b6 12. h4 Bb7 13. f3 Nd7 14. g4 f5
15. gxf5 exf5 16. Bc4+ Kh8 17. Ng5 c5 18. Rde1 Qf6 19. Bb5 Qd6 20. Re6 Qxd4 21.
Qxd4 cxd4 22. Re7 Nc5 23. b4 Bd5 24. bxc5 hxg5 25. hxg5+ Kg8 26. g6 Rf6 27. Be8
Rf8 28. Bd7 Rf6 29. c6 Bxc6 30. Be6+ Kf8 31. Rc7 Ke8 32. Bf7+ Kd8 33. Rxc6 Rxc6
34. Rh8+ Kc7 35. Rxa8 a5 36. Rg8 Rc3 37. Rxg7 Kd6 38. Rg8 Rxf3 39. g7 Ke7 40.
Re8+ Kxf7 41. g8=Q+ 1-0

[Event "Challenger's Cup"]
[Site "?"]
[Date "????.??.??"]
[Round "4"]
[White "Deshpande, Aryan"]
[Black "Perez, Ignacio"]
[Result "0-1"]
[WhiteElo "1994"]
[BlackElo "2224"]
[PlyCount "120"]
[SourceDate "2017.11.05"]
[SourceVersionDate "2017.11.05"]

1. e4 d6 2. d4 Nf6 3. Nc3 g6 4. Nf3 Bg7 5. Bc4 O-O 6. O-O c6 7. a4 a5 8. Qe2
Ne8 9. e5 d5 10. Bd3 Na6 11. Na2 c5 12. Bxa6 Rxa6 13. dxc5 Rc6 14. Be3 Bg4 15.
Rad1 Bxe5 16. c3 Rf6 17. Bh6 Rf5 18. Bxf8 Bxf3 19. gxf3 Kxf8 20. f4 Bxf4 21.
Kh1 Rh5 22. f3 Bxh2 23. Qxh2 Rxh2+ 24. Kxh2 Qc7+ 25. Kg2 Qxc5 26. Nc1 Ng7 27.
Nd3 Qd6 28. f4 Nf5 29. Rfe1 Qc6 30. Ne5 Qxa4 31. Kf3 Qb5 32. Rd2 Kg7 33. Ng4 h5
34. Ne3 Nxe3 35. Rxe3 e6 36. Kg2 Qa4 37. Kf3 Qc4 38. Ree2 Kf6 39. Rd4 Qb3 40.
Red2 b5 41. R4d3 Qc4 42. Rd4 Qf1+ 43. Rf2 Qc1 44. Re2 Qh1+ 45. Ke3 Kf5 46. Kf2
f6 47. Ke3 h4 48. Kd2 Qb1 49. Ke3 h3 50. Kf3 Qg1 51. Rdd2 Qg4+ 52. Kf2 Qxf4+
53. Kg1 Qg3+ 54. Kh1 e5 55. Rf2+ Ke6 56. b4 a4 57. c4 bxc4 58. b5 Qb3 59. Rb2
a3 60. Ra2 g5 0-1

[Event "Challenger's Cup"]
[Site "?"]
[Date "????.??.??"]
[Round "4"]
[White "Vijayakumar, Advaith"]
[Black "Yan, Jeffrey"]
[Result "1/2-1/2"]
[WhiteElo "1842"]
[BlackElo "1816"]
[PlyCount "81"]
[SourceDate "2017.11.05"]
[SourceVersionDate "2017.11.05"]

1. d4 d5 2. c4 c6 3. cxd5 cxd5 4. Nc3 Nc6 5. Nf3 Nf6 6. Bf4 Bf5 7. Qb3 Na5 8.
Qa4+ Bd7 9. Qc2 g6 10. e3 Rc8 11. Bd3 Bg7 12. O-O O-O 13. h3 Qb6 14. Qe2 e6 15.
Rfc1 Nc4 16. Bxc4 Rxc4 17. Ne5 Rcc8 18. Bg5 Be8 19. Nd3 Bb5 20. Nxb5 Qxb5 21.
Bxf6 Bxf6 22. Qd2 b6 23. b3 Be7 24. Rxc8 Rxc8 25. Rc1 Rxc1+ 26. Nxc1 Qc6 27.
Nd3 Bd6 28. Qc1 Qxc1+ 29. Nxc1 Kf8 30. Kf1 Ke7 31. Nd3 Kd7 32. Ke2 Kc6 33. Kd2
f6 34. f4 a5 35. a4 b5 36. Kc2 h6 37. Kc3 b4+ 38. Kd2 Kd7 39. Ke2 Ke7 40. Kf3
Kf7 41. g3 1/2-1/2

[Event "Challenger's Cup"]
[Site "?"]
[Date "????.??.??"]
[Round "4"]
[White "Greninger, Harley"]
[Black "Levine, Joseph"]
[Result "0-1"]
[WhiteElo "2133"]
[BlackElo "1847"]
[PlyCount "28"]
[SourceDate "2017.11.05"]
[SourceVersionDate "2017.11.05"]

1. d4 d5 2. Bf4 Nf6 3. e3 Bf5 4. c4 e6 5. Qb3 Nc6 6. c5 e5 7. dxe5 Ne4 8. Qxb7
Bd7 9. e6 fxe6 10. Bxc7 Qf6 11. Nf3 Rc8 12. Bb5 Nxc5 13. Qxc8+ Bxc8 14. Bxc6+
Bd7 0-1

[Event "Challenger's Cup"]
[Site "?"]
[Date "????.??.??"]
[Round "3"]
[White "Christy, John"]
[Black "Beck, Alec"]
[Result "0-1"]
[WhiteElo "1478"]
[BlackElo "1727"]
[PlyCount "48"]
[SourceDate "2017.11.05"]
[SourceVersionDate "2017.11.05"]

1. Nf3 d5 2. d4 Nf6 3. e3 Bf5 4. Nbd2 e6 5. Be2 Nbd7 6. a3 Bg6 7. b4 a5 8. c3
axb4 9. cxb4 Bxb4 10. Qb3 Bxd2+ 11. Nxd2 b6 12. Bb2 O-O 13. O-O c5 14. dxc5
bxc5 15. Bf3 Rb8 16. Qc3 c4 17. g4 Nc5 18. a4 Nd3 19. Ba3 Re8 20. Be2 Ne4 21.
Nxe4 Bxe4 22. Rfd1 Rb3 23. Qc2 Nxf2 24. Qd2 Nh3+ 0-1

[Event "Challenger's Cup"]
[Site "?"]
[Date "????.??.??"]
[Round "?"]
[White "Frantz, Joseph"]
[Black "Velea, Anne-Marie"]
[Result "0-1"]
[WhiteElo "1951"]
[BlackElo "1896"]
[PlyCount "61"]
[SourceDate "2017.11.06"]
[SourceVersionDate "2017.11.06"]

1. e4 c5 2. Nf3 d6 3. d4 cxd4 4. Nxd4 Nf6 5. Nc3 g6 6. Be3 Bg7 7. f3 O-O 8. Qd2
Nc6 9. Bc4 Bd7 10. O-O-O Rc8 11. Bb3 Nxd4 12. Bxd4 b5 13. Kb1 a5 14. a4 bxa4
15. Nxa4 Bxa4 16. Bxa4 Rc4 17. Bxf6 Bxf6 18. Bb3 Rb4 19. Rhe1 Qb6 20. f4 a4 21.
e5 dxe5 22. fxe5 Bg7 23. Ba2 Rxb2+ 24. Ka1 a3 25. Qc3 Rb5 26. Bb3 Qb8 27. Rd5
Rxd5 28. Bxd5 Rc8 29. Qb3 Bxe5+ 30. Ka2 Qxb3+ 31. cxb3 0-1

[Event "Challenger's Cup"]
[Site "?"]
[Date "????.??.??"]
[Round "3"]
[White "Breckenridge, Steven"]
[Black "Greninger, Harley"]
[Result "1-0"]
[WhiteElo "2403"]
[BlackElo "2133"]
[PlyCount "128"]
[SourceDate "2017.11.06"]
[SourceVersionDate "2017.11.06"]

1. e4 c6 2. d4 d5 3. Nc3 dxe4 4. Nxe4 Bf5 5. Ng3 Bg6 6. N1e2 Nf6 7. Nf4 e5 8.
Nxg6 hxg6 9. dxe5 Qxd1+ 10. Kxd1 Ng4 11. Ke2 Nxe5 12. f4 Ng4 13. h3 Nf6 14. Kf3
Bc5 15. Bc4 O-O 16. h4 Nbd7 17. Bd2 Nb6 18. Bd3 Nbd5 19. h5 Nxh5 20. Nxh5 gxh5
21. Rxh5 g6 22. Rh3 Bd4 23. f5 Ne7 24. Bg5 Nd5 25. Bc4 Bf6 26. Bxf6 Nxf6 27. g4
g5 28. a4 Rad8 29. c3 Rfe8 30. Rah1 Kg7 31. b3 Re5 32. R1h2 Rde8 33. Re2 Rxe2
34. Bxe2 Nd5 35. f6+ Kxf6 36. Rh6+ Kg7 37. Rd6 Re3+ 38. Kf2 Rxc3 39. b4 Re3 40.
b5 Re6 41. Rd7 Re7 42. Rd8 Nc3 43. Bf3 cxb5 44. axb5 f6 45. Rb8 Nxb5 46. Bxb7
Nc3 47. Bf3 Ne4+ 48. Kg2 Nd6 49. Kg3 Nf7 50. Bd5 Rc7 51. Ra8 Ne5 52. Be6 Re7
53. Bd5 Nf7 54. Ba2 Re3+ 55. Kf2 Ra3 56. Be6 Ne5 57. Rg8+ Kh7 58. Rd8 a5 59.
Kg2 Ra4 60. Kg3 Rf4 61. Ra8 a4 62. Ra7+ Kh8 63. Bf5 Rf3+ 64. Kg2 a3 1-0

[Event "Challenger's Cup"]
[Site "?"]
[Date "????.??.??"]
[Round "3"]
[White "Jones, Davey"]
[Black "Vijayakumar, Advaith"]
[Result "1/2-1/2"]
[WhiteElo "1809"]
[BlackElo "1841"]
[PlyCount "74"]
[SourceDate "2017.11.06"]
[SourceVersionDate "2017.11.06"]

1. e4 e6 2. d4 d5 3. Nd2 Nf6 4. e5 Nfd7 5. Bd3 c5 6. c3 Nc6 7. Ne2 Qb6 8. Nf3
cxd4 9. cxd4 f6 10. exf6 Nxf6 11. O-O Bd6 12. Bf4 Bxf4 13. Nxf4 Qxb2 14. Re1
O-O 15. Nxe6 Bxe6 16. Rxe6 Rae8 17. Rxe8 Rxe8 18. Rb1 Qxa2 19. Rxb7 Ne4 20.
Bxe4 dxe4 21. Ne5 Rf8 22. f3 exf3 23. gxf3 Qd5 24. Nxc6 Qxc6 25. Qb3+ Kh8 26.
Qf7 Qc1+ 27. Kf2 Qd2+ 28. Kg3 Qg5+ 29. Kh3 Qh6+ 30. Kg4 g6 31. Qd5 Qf4+ 32. Kh3
Qh6+ 33. Kg2 Qd2+ 34. Kf1 Qd1+ 35. Kf2 Qd2+ 36. Kf1 Qd1+ 37. Kf2 Qd2+ 1/2-1/2

[Event "Challenger's Cup"]
[Site "?"]
[Date "????.??.??"]
[Round "4"]
[White "Piper, August"]
[Black "Henderson, Doug"]
[Result "1-0"]
[WhiteElo "1500"]
[BlackElo "738"]
[PlyCount "81"]
[SourceDate "2017.11.06"]
[SourceVersionDate "2017.11.06"]

1. g3 e5 2. Nf3 Nc6 3. d3 d5 4. Bg2 Nf6 5. Nbd2 Bc5 6. O-O O-O 7. c4 Be6 8. Ng5
Qd7 9. Nxe6 Qxe6 10. cxd5 Nxd5 11. Nf3 Rfd8 12. Qc2 b6 13. a3 a5 14. Bd2 Nd4
15. Nxd4 Bxd4 16. Rac1 Rac8 17. e3 Bc5 18. Rfe1 Nf6 19. Bxa5 Bd6 20. Bd2 Qf5
21. e4 Qh5 22. h3 g5 23. Be3 c5 24. Qe2 g4 25. h4 Kh8 26. Bg5 Be7 27. Bxf6+
Bxf6 28. Rc2 Rg8 29. b4 Rg6 30. bxc5 bxc5 31. Rec1 Rh6 32. Rxc5 Rxc5 33. Rxc5
Bxh4 34. Qb2 f6 35. Qb8+ Kg7 36. Rc7+ Qf7 37. Rxf7+ Kxf7 38. gxh4 Rxh4 39. a4
g3 40. f3 Ke6 41. a5 1-0

[Event "Challenger's Cup"]
[Site "?"]
[Date "????.??.??"]
[Round "3"]
[White "Perez, Ignacio"]
[Black "Velea, Sophie"]
[Result "1-0"]
[WhiteElo "2224"]
[BlackElo "1708"]
[PlyCount "53"]
[SourceDate "2017.11.06"]
[SourceVersionDate "2017.11.06"]

1. e4 c5 2. Nf3 d6 3. d4 cxd4 4. Nxd4 Nf6 5. Nc3 g6 6. Be3 Bg7 7. f3 O-O 8. Qd2
Nc6 9. Bc4 Bd7 10. O-O-O Rc8 11. Bb3 Nxd4 12. Bxd4 b5 13. e5 Ne8 14. h4 a5 15.
h5 e6 16. hxg6 hxg6 17. exd6 Nf6 18. Rh6 a4 19. Rdh1 axb3 20. Rh8+ Bxh8 21.
Rxh8+ Kxh8 22. Qh6+ Kg8 23. Ne4 bxa2 24. Bxf6 a1=Q+ 25. Kd2 Qaa5+ 26. c3 Qxf6
27. Nxf6# 1-0

[Event "Challenger's Cup"]
[Site "?"]
[Date "????.??.??"]
[Round "2"]
[White "Mahajan, Rushaan"]
[Black "Greninger, Harley"]
[Result "0-1"]
[WhiteElo "1978"]
[BlackElo "2133"]
[PlyCount "74"]
[SourceDate "2017.11.06"]
[SourceVersionDate "2017.11.06"]

1. d4 d5 2. Bf4 c6 3. e3 Qb6 4. Qc1 Bf5 5. c4 Nd7 6. Nc3 e6 7. Nf3 h6 8. Be2
Ngf6 9. h3 Be7 10. c5 Qd8 11. O-O g5 12. Bg3 g4 13. Nh4 Bh7 14. hxg4 Ne4 15.
Nf3 Nxg3 16. fxg3 Qc7 17. Qe1 Rg8 18. Nh4 Bg5 19. Qf2 Nf6 20. Bf3 Rg7 21. Rae1
Bd3 22. e4 dxe4 23. Nxe4 Nxe4 24. Bxe4 Bxf1 25. Kxf1 O-O-O 26. b4 Bxh4 27. gxh4
Rxg4 28. b5 Rf4 29. Bf3 cxb5 30. a4 b4 31. c6 bxc6 32. Rc1 Rd6 33. Qg3 Rdxd4
34. Kg1 Rc4 35. Qg8+ Kb7 36. Rd1 Qb6+ 37. Kh1 Rxh4# 0-1

[Event "Challenger's Cup"]
[Site "?"]
[Date "????.??.??"]
[Round "3"]
[White "Levine, Joseph"]
[Black "Kitsis, Stan"]
[Result "0-1"]
[WhiteElo "1867"]
[BlackElo "2151"]
[PlyCount "80"]
[SourceDate "2017.11.07"]
[SourceVersionDate "2017.11.07"]

1. e4 g6 2. d4 Bg7 3. Nf3 d6 4. Nc3 c6 5. Be3 Nf6 6. h3 O-O 7. Bc4 d5 8. Bd3
dxe4 9. Nxe4 Nxe4 10. Bxe4 Qa5+ 11. Qd2 Qxd2+ 12. Kxd2 Nd7 13. g4 e5 14. Rag1
Nf6 15. Bd3 e4 16. g5 exd3 17. gxf6 Bxf6 18. Kxd3 Bf5+ 19. Kc3 Be4 20. Rg3 h5
21. h4 Rad8 22. Rhg1 c5 23. Rd1 cxd4+ 24. Bxd4 Rc8+ 25. Kb4 Be7+ 26. Kb5 a6+
27. Ka5 Bd8+ 28. Kb4 a5+ 29. Ka3 Be7+ 30. b4 Bxb4+ 31. Kb2 Rxc2+ 32. Ka1 Rd8
33. Ne1 Rxd4 34. Nxc2 Rxd1+ 35. Kb2 Rd2 36. Rc3 Bxc3+ 37. Kxc3 Rxc2+ 38. Kb3 b5
39. Ka3 Bd5 40. f4 Rxa2# 0-1

[Event "Challenger's Cup"]
[Site "?"]
[Date "????.??.??"]
[Round "3"]
[White "Wu, Abbie"]
[Black "Arganian, Dave"]
[Result "0-1"]
[WhiteElo "1604"]
[BlackElo "2008"]
[PlyCount "73"]
[SourceDate "2017.11.07"]
[SourceVersionDate "2017.11.07"]

1. e4 e5 2. Nf3 Nc6 3. Bc4 Bc5 4. d3 Nf6 5. c3 d6 6. O-O a5 7. d4 exd4 8. cxd4
Bb6 9. e5 dxe5 10. dxe5 Qxd1 11. Rxd1 Ng4 12. Rf1 Be6 13. Bxe6 fxe6 14. Bf4 Nb4
15. Ne1 Bd4 16. Nc3 O-O 17. g3 Nxf2 18. Ne2 Nh3+ 19. Kh1 Bxe5 20. Bxe5 Rxf1+
21. Kg2 Rf2+ 22. Kxh3 Rxe2 23. Bxc7 Nd5 24. Bd6 Rd8 25. Ba3 b5 26. Bc5 Rc8 27.
Nd3 Rd2 28. Rf1 Rxd3 29. Bd6 Rd8 30. Bc5 h5 31. Kh4 g6 32. Kg5 Kg7 33. a3 Ne3
34. Rf3 R8d5+ 35. Kf4 Rxc5 36. Rxe3 Rxe3 37. Kxe3 0-1

[Event "Challenger's Cup"]
[Site "?"]
[Date "????.??.??"]
[Round "1"]
[White "Bashkansky, Naomi"]
[Black "Vijayakumar, Advaith"]
[Result "1-0"]
[WhiteElo "2041"]
[BlackElo "1841"]
[PlyCount "47"]
[SourceDate "2017.11.07"]
[SourceVersionDate "2017.11.07"]

1. d4 Nf6 2. c4 e6 3. Nc3 Bb4 4. e3 O-O 5. Bd3 d5 6. cxd5 exd5 7. Nge2 c6 8.
O-O Re8 9. f3 c5 10. a3 Bxc3 11. bxc3 cxd4 12. exd4 Nc6 13. Bg5 h6 14. Bh4 b6
15. Kh1 Bb7 16. g4 Na5 17. Rg1 Re3 18. Ng3 Nxg4 19. Nf5 Re6 20. Rxg4 Qf8 21.
Nxg7 Qxg7 22. Qg1 Qxg4 23. Qxg4+ Kh8 24. Rg1 1-0

[Event "Challenger's Cup"]
[Site "?"]
[Date "????.??.??"]
[Round "2"]
[White "Mukumbya, Benjamin"]
[Black "Breckenridge, Steven"]
[Result "0-1"]
[WhiteElo "2055"]
[BlackElo "2403"]
[PlyCount "132"]
[SourceDate "2017.11.07"]
[SourceVersionDate "2017.11.07"]

1. d4 Nf6 2. Nf3 e6 3. h3 c5 4. c3 Qc7 5. Nbd2 cxd4 6. cxd4 Nd5 7. Qb3 Nb4 8.
Rb1 Nc2+ 9. Kd1 Nb4 10. e4 d5 11. e5 b6 12. a3 N4c6 13. Qc2 b5 14. Bxb5 Qb6 15.
Bd3 Nd7 16. Qa4 Rb8 17. Nf1 a5 18. Bd2 Ba6 19. Bxa6 Qxa6 20. Rc1 Rb6 21. b4
axb4 22. Qxa6 Rxa6 23. axb4 Na7 24. Ne3 Be7 25. Ke2 Rb6 26. Rc7 Nb5 27. Rc8+
Bd8 28. Ra1 Rb7 29. Raa8 Ke7 30. Rc2 Rb8 31. Rxb8 Nxb8 32. Nd1 Bb6 33. Kd3 Na6
34. Ra2 Ra8 35. Ne3 f6 36. Nc2 Kd7 37. Ra1 Kc6 38. g4 Kb7 39. g5 f5 40. h4 Rc8
41. h5 Rc4 42. Rg1 Rc8 43. Nfe1 Nb8 44. Ng2 Kc6 45. Nf4 Kd7 46. Ra1 Nc6 47. Ne2
Kc7 48. Be3 Kb7 49. Nf4 Re8 50. Rg1 Bd8 51. Ne2 Be7 52. Nc3 Nxc3 53. Kxc3 Rf8
54. Bf4 Rc8 55. Kb3 Bxb4 56. Nxb4 Nxd4+ 57. Kb2 Ne2 58. Bh2 Nxg1 59. Bxg1 Rc4
60. Nd3 Rh4 61. f4 Kc6 62. Nc5 Rxf4 63. Nxe6 Rg4 64. Be3 g6 65. h6 d4 66. Bc1
Kd5 0-1

[Event "Challenger's Cup"]
[Site "?"]
[Date "????.??.??"]
[Round "2"]
[White "Vijayakumar, Advaith"]
[Black "Holloran, William"]
[Result "1/2-1/2"]
[WhiteElo "1841"]
[BlackElo "1847"]
[PlyCount "98"]
[SourceDate "2017.11.07"]
[SourceVersionDate "2017.11.07"]

1. d4 Nf6 2. c4 e6 3. Nf3 c5 4. d5 exd5 5. cxd5 d6 6. Nc3 g6 7. e4 Bg7 8. Bd3
Bg4 9. h3 Bxf3 10. Qxf3 a6 11. a4 Nbd7 12. Qe2 O-O 13. O-O Re8 14. f4 Nxe4 15.
Nxe4 f5 16. Qc2 fxe4 17. Bxe4 c4 18. Bf3 Rc8 19. Ra3 b5 20. Bd2 Qb6+ 21. Kh1 b4
22. a5 Qb5 23. Re3 Rxe3 24. Bxe3 Re8 25. Bc1 c3 26. Rd1 b3 27. Qf2 Qc5 28. Qxc5
Nxc5 29. bxc3 Bxc3 30. Ba3 Re1+ 31. Rxe1 Bxe1 32. Bd1 b2 33. Bxb2 Nd3 34. Bd4
Nxf4 35. Bb3 Bxa5 36. Bc4 Kf7 37. Bxa6 Bd8 38. Bc4 Bf6 39. Be3 Nh5 40. g4 Ng3+
41. Kg2 Be5 42. Kf3 h5 43. Bf2 h4 44. Bxg3 hxg3 45. Bf1 Ke7 46. h4 Kf6 47. Bg2
g5 48. h5 Ke7 49. Ke4 Kf6 1/2-1/2

[Event "Challenger's Cup"]
[Site "?"]
[Date "????.??.??"]
[Round "2"]
[White "Truelson, Joseph"]
[Black "Perez, Ignacio"]
[Result "1-0"]
[WhiteElo "2043"]
[BlackElo "2224"]
[PlyCount "76"]
[SourceDate "2017.11.07"]
[SourceVersionDate "2017.11.07"]

1. e4 c5 2. Nf3 g6 3. d4 cxd4 4. Nxd4 Bg7 5. Nc3 d6 6. Be3 Nf6 7. f3 O-O 8. Qd2
Nc6 9. O-O-O d5 10. e5 Nxe5 11. h4 h5 12. g4 hxg4 13. h5 Nxh5 14. Bh6 e6 15.
Bxg7 Kxg7 16. fxg4 Nxg4 17. Be2 e5 18. Nxd5 exd4 19. Qxd4+ Nhf6 20. Bxg4 Bxg4
21. Rdf1 Rh8 22. Rxf6 Rxh1+ 23. Rf1+ f6 24. Rxh1 Bf3 25. Rf1 Qxd5 26. Qf4 Rd8
27. c4 Qd3 28. Qxf3 Qxf3 29. Rxf3 f5 30. c5 Kf6 31. b4 a6 32. Kc2 g5 33. Rd3
Rxd3 34. Kxd3 Ke5 35. a4 Kd5 36. a5 f4 37. Kc3 f3 38. Kd3 g4 1-0

[Event "Challenger's Cup"]
[Site "?"]
[Date "????.??.??"]
[Round "2"]
[White "Arganian, David"]
[Black "Pupols, Viktor"]
[Result "0-1"]
[WhiteElo "2008"]
[BlackElo "2200"]
[PlyCount "72"]
[SourceDate "2017.11.14"]
[SourceVersionDate "2017.11.14"]

1. d4 e6 2. c4 Nf6 3. g3 d5 4. Bg2 Nbd7 5. Nf3 dxc4 6. Qa4 a6 7. Qxc4 b5 8. Qc2
Bb7 9. O-O c5 10. a4 b4 11. Bg5 Rc8 12. dxc5 Bxc5 13. Qd3 h6 14. Bxf6 Qxf6 15.
Nbd2 Qe7 16. Nb3 O-O 17. Rac1 Rfd8 18. Nxc5 Nxc5 19. Qe3 Nxa4 20. Qb3 Nb6 21.
Rfd1 Rxd1+ 22. Rxd1 a5 23. Ne5 Bxg2 24. Kxg2 Qc5 25. f4 Qc2 26. Rd8+ Kh7 27.
Qxc2+ Rxc2 28. Nxf7 Rxb2 29. h4 a4 30. h5 g6 31. g4 gxh5 32. gxh5 a3 33. Rb8 a2
34. Rb7 a1=Q 35. Nd6+ Kg8 36. Rb8+ Kg7 0-1

[Event "Challenger's Cup"]
[Site "?"]
[Date "????.??.??"]
[Round "2"]
[White "Toppen-Ryan, Harrison"]
[Black "Xiao, Alison"]
[Result "1-0"]
[WhiteElo "1526"]
[BlackElo "1447"]
[PlyCount "75"]
[SourceDate "2017.11.14"]
[SourceVersionDate "2017.11.14"]

1. d4 d5 2. c4 e6 3. g3 Nf6 4. Bg2 c6 5. Nf3 Bd6 6. Qc2 Nbd7 7. O-O O-O 8. Nbd2
Re8 9. Re1 e5 10. dxe5 Nxe5 11. b3 Bg4 12. c5 Bc7 13. Bb2 Nxf3+ 14. Nxf3 Nd7
15. Nd4 Bh5 16. f3 Nf6 17. Qd2 Bg6 18. b4 Qd7 19. a4 a6 20. e3 Rad8 21. Ne2 Qe7
22. Nf4 Bxf4 23. exf4 Qc7 24. Bh3 h6 25. Be5 Rxe5 26. Rxe5 Kf8 27. Rae1 Re8 28.
Qe3 Qd8 29. Rxe8+ Nxe8 30. Qxe8+ Qxe8 31. Rxe8+ Kxe8 32. Bc8 Bc2 33. Bxb7 Bxa4
34. Bxa6 Kd7 35. Kf2 d4 36. Ke2 Ke6 37. Kd3 Kd5 38. Bc4# 1-0

[Event "Challenger's Cup"]
[Site "?"]
[Date "????.??.??"]
[Round "1"]
[White "Holloran, William"]
[Black "Perez, Ignacio"]
[Result "0-1"]
[WhiteElo "1847"]
[BlackElo "2224"]
[PlyCount "82"]
[SourceDate "2017.11.14"]
[SourceVersionDate "2017.11.14"]

1. d4 Nf6 2. c4 g6 3. Nc3 Bg7 4. e4 d6 5. Nf3 O-O 6. Be2 Nbd7 7. O-O e5 8. Be3
b6 9. d5 Nc5 10. Qc2 a5 11. a3 a4 12. Nd2 Bd7 13. b4 axb3 14. Nxb3 Ne8 15. Nxc5
bxc5 16. Bd3 f5 17. exf5 gxf5 18. f3 Kh8 19. Ra2 Qh4 20. Bf2 Qh5 21. Ne2 Rf6
22. Ng3 Qf7 23. Rb1 Bh6 24. a4 Ng7 25. a5 Bc8 26. Qc3 Ba6 27. Bc2 Qg6 28. Ba4
Rg8 29. Rab2 e4 30. Rb8 Rff8 31. Rxf8 Rxf8 32. fxe4 fxe4 33. Bc2 Bf4 34. Bxe4
Qh6 35. Rf1 Be5 36. Qc2 Qh4 37. Bd3 Nh5 38. Qe2 Nf4 39. Qe4 Bc8 40. h3 Bxh3 41.
Nf5 Bxf5 0-1

[Event "Challenger's Cup"]
[Site "?"]
[Date "????.??.??"]
[Round "1"]
[White "Chen, Brian"]
[Black "Arganian, David"]
[Result "0-1"]
[WhiteElo "1728"]
[BlackElo "2008"]
[PlyCount "54"]
[SourceDate "2017.11.14"]
[SourceVersionDate "2017.11.14"]

1. e4 e5 2. Nf3 Nc6 3. Bc4 Bc5 4. c3 Nf6 5. d3 d6 6. Bb3 h6 7. Nbd2 Qe7 8. Nf1
Ng4 9. Be3 Nxe3 10. Nxe3 Bxe3 11. fxe3 Be6 12. O-O Bxb3 13. Qxb3 O-O-O 14. a4
Qe6 15. Qc2 d5 16. exd5 Qxd5 17. d4 exd4 18. exd4 Rhe8 19. Rae1 g5 20. Nd2 Nxd4
21. Qd1 Rxe1 22. Rxe1 Ne6 23. Re2 Nf4 24. Rf2 Re8 25. Rxf4 gxf4 26. Qg4+ Kb8
27. Qxf4 Re2 0-1

[Event "Challenger's Cup"]
[Site "?"]
[Date "????.??.??"]
[Round "1"]
[White "Levine, Joseph"]
[Black "Li, Melina"]
[Result "1-0"]
[WhiteElo "1867"]
[BlackElo "1505"]
[PlyCount "39"]
[SourceDate "2017.11.14"]
[SourceVersionDate "2017.11.14"]

1. e4 e6 2. c4 d5 3. exd5 exd5 4. d4 Nf6 5. Nc3 c6 6. Bg5 Be7 7. Bd3 Be6 8. c5
b6 9. b4 O-O 10. Nge2 Qd7 11. O-O Bf5 12. Ng3 Bxd3 13. Qxd3 Qc7 14. Nf5 Bd8 15.
Qf3 a5 16. b5 Nbd7 17. Bf4 Qa7 18. bxc6 Nb8 19. Nb5 Qa6 20. c7 1-0

[Event "Challenger's Cup"]
[Site "?"]
[Date "????.??.??"]
[Round "1"]
[White "Greninger, Harley"]
[Black "Yan, Jeffrey"]
[Result "1-0"]
[WhiteElo "2133"]
[BlackElo "1816"]
[PlyCount "39"]
[SourceDate "2017.11.14"]
[SourceVersionDate "2017.11.14"]

1. d4 d5 2. Bf4 Nf6 3. e3 Bf5 4. c4 c6 5. Qb3 Qd7 6. Nf3 e6 7. Nbd2 Nh5 8. Bxb8
Rxb8 9. Ne5 Qc8 10. g4 f6 11. gxf5 fxe5 12. dxe5 g6 13. f6 Qc7 14. f4 Bh6 15.
cxd5 exd5 16. Qb4 a5 17. Qd4 g5 18. Be2 Qf7 19. e6 Qg6 20. f5 1-0